Vista normal
Vista MARC
Entrada Personal Name
Número de registros utilizados en: 1
001 - CONTROL NUMBER
- control field: 31
003 - CONTROL NUMBER IDENTIFIER
- control field: DO-SdBNP
005 - DATE AND TIME OF LATEST TRANSACTION
- control field: 20160829154640.0
008 - FIXED-LENGTH DATA ELEMENTS
- fixed length control field: 160818|| aca||aabn | a|a d
040 ## - CATALOGING SOURCE
- Original cataloging agency: DO-SdBNP
100 ## - HEADING--PERSONAL NAME
- Personal name: Urra, Javier,
- Dates associated with a name: 1957-
670 ## - SOURCE DATA FOUND
- Source citation: Educar con sentido común, 2010.
- Information found: p. 3